00525nam a2200157Ia 4500003000900000008004100009020001800050040001600068080001500084100002000099245014000119260003900259300001600298650002700314650002600341IN-BaIIA211028s9999 xx 000 0 eng d a0-486-41181-8 cIIA Library a519.6bHUG aHughes,T. J. R. 0aFinite element methodblinear static and dynamic finite element analysiscT. J. R. Hughes  aNew YorkbDover Publicationsc2000 axxii, 682p. aBoundry Value problems aFinite Element Method